| Registos Bibliográficos associados ao registo de autoridade |
|
Etiqueta de registo: 00254nam 2200025 450 001 2222982 003 http://id.bnportugal.gov.pt/bib/catbnp/2222982 100 ## $a20250812d2025 k y0pory01030103ba 101 0# $aeng$dpor 102 ## $aPT 105 ## $aa m 000yy 106 ## $ar 200 1# $aBrain-targeted lipid-based nanovesicles to deliver brain plasticity modulators$e a strategy to enhance brain cell-replacement therapeutics in Machado-Joseph disease$fRicardo Gomes Moreira$gorient. Liliana Simões Mendonça, Luís Fernando Morgado Pereira de Almeida, Clévio
David Rodrigues Nóbrega 210 #9 $aCoimbra$c[s.n.],$d2025 215 ## $aXXVII, [1], 234 p.$cil.$d30 cm 328 #1 $aTese dout. Ciências Farmacêuticas (Biologia Celular e Molecular), Faculdade de Farmácia,
Universidade de Coimbra, 2025 675 ## $a615(043)$vBN$zpor$31318077 675 ## $a616.8(043)$vBN$zpor$31344621 675 ## $a576.32/.36(043)$vBN$zpor$3326188 700 #1 $92$aMoreira,$bRicardo Gomes$31963348 702 #1 $aMendonça,$bLiliana Simões$4727$31963349 702 #1 $aAlmeida,$bLuís Pereira de$4727$31495144 702 #1 $aNóbrega,$bClévio David Rodrigues,$f1978-$4727$31338704 801 #0 $aPT$bBN$gRPC 966 ## $lBN$mFGMON$sS.A. 191604 V.$x1 971 ## $cssilva$d20250812 972 ## $e0$z0$d20250915$vlrevez 973 ## $cmlsousa$d20250911
Etiqueta de registo: 00254nam 2200025 450 001 2280433 003 http://id.bnportugal.gov.pt/bib/catbnp/2280433 100 ## $a20260316d2025 k y0pory01030103ba 101 0# $aeng$dpor 102 ## $aPT 105 ## $aa m 000yy 106 ## $ar 200 1# $aOn the modulation of adult brain plasticity$e a strategy to improve human neuroepithelial stem cells migration, differentiation,
and functional integration upon cerebellar transplantation in Machado-Joseph Disease$fDaniel Alexandre Sousa Henriques$gorient. Liliana Simões Mendonça, Luís Fernando Morgado Pereira de Almeida, Agnete
Kirkeby 210 #9 $aCoimbra$c[s.n.],$d2025 215 ## $aXXX, 209 p.$cil.$d30 cm 328 #1 $aTese dout. Biologia Experimental e Biomedicina (Neurociências e Doença), Instituto
de Investigação Interdisciplinar da Universidade de Coimbra, 2025 700 #1 $aHenriques,$bDaniel Alexandre Sousa$31991492 702 #1 $aMendonça,$bLiliana Simões$4727$31963349 702 #1 $aAlmeida,$bLuís Pereira de$4727$31495144 702 #1 $aKirkeby,$bAgnete$4727$31991491 801 #0 $aPT$bBN$gRPC 966 ## $lBN$mFGMON$x1 971 ## $cisantos$d20260316
|
|
|